000 00439pab a2200169 454500
008 180718b2008 xxu||||| |||| 00| 0 eng d
100 _aChatterjee, Biswajit
245 _aGlobalization, growth and employment: an analytical enquiry
260 _c2008
300 _ap.517-32.
362 _aOct-Dec
650 _aEmployment
650 _aGlobalization
773 _aIndian Journal of Labour Economics
908 _aN
909 _a80907
999 _c80907
_d80907